Estadísticas para Países Aleatorios de Asia Secuencialmente en un Mapa

Haz click aquí para tomar la prueba!

Estadísticas generales

  • Esta prueba ha sido tomada 3.619 veces
    (1.149 desde el último reinicio)
  • La puntuación promedio es 40 de 48

Respuestas en el mapa

Las respuestas están codificadas por una escala verde-roja en el mapa de la prueba según el % correcto abajo.
Cargando...
 

Estadísticas de respuestas

País% Correcto
Arabia Saudita
85%
Mongolia
84%
Sri Lanka
84%
Laos
84%
Kazajistán
84%
Japón
84%
Irán
84%
India
84%
Corea del Sur
84%
Indonesia
84%
China
84%
Vietnam
84%
Tailandia
84%
Chipre
83%
Maldivas
83%
Malasia
83%
Corea del Norte
83%
Omán
83%
Pakistán
83%
Filipinas
83%
Nepal
83%
Myanmar
83%
Camboya
83%
Yemen
83%
Emiratos Árabes Unidos
82%
Turquía
82%
Catar
82%
Taiwán
82%
Líbano
82%
Armenia
82%
Azerbaiyán
82%
Jordania
82%
Israel
82%
Irak
82%
Georgia
82%
Bangladés
82%
Bután
81%
Uzbekistán
81%
Turkmenistán
81%
Siria
81%
Brunéi
81%
Kirguistán
81%
Singapur
81%
Kuwait
81%
Afganistán
81%
Timor Oriental
80%
Baréin
80%
Tayikistán
79%

Distribución de puntuación

Porcentaje por número respondido

Porcentaje de gente con cada puntuación

Historial de tus puntuaciones

No has tomado esta prueba desde el último reinicio